| Tag |
First Indicator |
Second Indicator |
Subfields |
| LEADER |
00000cam a2200000 4500 |
| 001 |
in00000262913 |
| 005 |
20151010055341.0 |
| 008 |
711101s1970 alub b s00010 eng |
| 010 |
|
|
|a 75636458
|
| 035 |
|
|
|a (OCoLC)00202509
|
| 035 |
|
|
|9 ABD0437AM
|
| 040 |
|
|
|a DLC
|c DLC
|d TXA
|d UtOrBLW
|
| 043 |
|
|
|a n-us-al
|
| 049 |
|
|
|a TXAM
|
| 050 |
0 |
0 |
|a TN423.A6
|b O54
|
| 082 |
0 |
|
|a 553/.41/0976153
|
| 090 |
|
|
|a QE81
|b .A16 no. 67
|
| 100 |
1 |
|
|a O'Neill, James F.
|
| 245 |
1 |
0 |
|a Gold values of samples from the Devils Backbone area, Tallapoosa County, Alabama /
|c by James F. O'Neill and James L. Vallely.
|
| 264 |
|
1 |
|a University, Ala. :
|b Alabama Division of Economic Geology,
|c 1970.
|
| 300 |
|
|
|a 18 pages :
|b maps. ;
|c 23 cm.
|
| 336 |
|
|
|a text
|b txt
|2 rdacontent
|
| 337 |
|
|
|a unmediated
|b n
|2 rdamedia
|
| 338 |
|
|
|a volume
|b nc
|2 rdacarrier
|
| 490 |
1 |
|
|a Geological Survey of Alabama. Circular 67
|
| 500 |
|
|
|a "Prepared by the U.S. Bureau of Mines in cooperation with the Geological Survey of Alabama."
|
| 504 |
|
|
|a Bibliography: page 12.
|
| 650 |
|
0 |
|a Gold ores
|z Alabama
|z Tallapoosa County.
|
| 700 |
1 |
|
|a Vallely, James L.
|
| 710 |
1 |
|
|a United States.
|b Bureau of Mines.
|
| 710 |
2 |
|
|a Geological Survey of Alabama.
|
| 830 |
|
0 |
|a Circular (Geological Survey of Alabama) ;
|v 67.
|
| 999 |
|
|
|a MARS
|
| 999 |
f |
f |
|s bd26b71b-eb3e-35a9-ab2d-378807330cfb
|i 73c907f1-8854-3520-b738-33eec4016fc2
|t 0
|
| 952 |
f |
f |
|p ric
|a Texas A&M University
|b Rellis Campus
|c Joint Library Facility
|d Remote Storage
|t 0
|e QE81 .A16 no. 67
|h Library of Congress classification
|i unmediated -- volume
|m A14804749580
|
| 998 |
f |
f |
|a QE81 .A16 no. 67
|t 0
|l Remote Storage
|